000 00730 a2200277 4500
260 _bACCT
300 _a296 p.
245 _aLa Pêche dans le sud-ouest du Bénin : étude de géographie appliquée sur la pêche continentale et maritime
650 _aPêche
650 _aMer
650 _aBénin
260 _aParis
300 _b27 cm
260 _c1980
100 _lFr
630 _a91 - Geographie. Exploration de la terre, des diverses regions, des divers pays. Voyages. Geographie regionale
037 _aL4740
037 _aL4738
037 _aL4739
650 _a9 - GEOGRAPHIE ET HISTOIRE
100 _aPliya, Jean
044 _cBénin
020 _a92-9028-025-5
999 _c35568
_d35568